000 00636nam a2200193 a 4500
001 BRCA_1961
005 20190320203622.0
008 000000s2000----sp-#---###---#000-0#spa-u
020 _a9706513299
020 _a8449415152
050 4 _aPC4591
_b.D53 2000
245 1 0 _aDiccionario de sinónimos y antónimos
_bsinónimos y antónimos, locuciones usuales, voces extranjeras, frases célebres.
260 _aBarcelona
_bOceano Grupo Editorial
_c2000
300 _a790 p.
_c15 cm.
440 0 _aNuevo Equipo Didáctico Oceano
_96018
650 1 4 _aEspañol
_vDiccionarios
_xSinónimos y antónimos
_96019
902 _aREF
942 _2lcc
_cB
999 _c1731
_d1731